书目信息 |
| 题名: |
中国对外援助
|
|
| 作者: | 任晓 , 刘慧华 著 | |
| 分册: | ||
| 出版信息: | 上海 格致出版社 2017 |
|
| 页数: | 278页 | |
| 开本: | 23cm | |
| 丛书名: | ||
| 单 册: | ||
| 中图分类: | D822.2 , D822 | |
| 科图分类: | ||
| 主题词: | 对外援助--研究--中国 | |
| 电子资源: | ||
| ISBN: | 978-7-5432-2780-4 | |
| 000 | 01494nam0 2200289 450 | |
| 001 | 2332145498 | |
| 005 | 20231213085617.76 | |
| 010 | @a978-7-5432-2780-4@dCNY55.00 | |
| 100 | @a20171103d2017 em y0chiy50 ea | |
| 101 | 0 | @achi |
| 102 | @aCN@b310000 | |
| 105 | @ay a 000yy | |
| 200 | 1 | @a中国对外援助@Azhong guo dui wai yuan zhu@e理论与实践@d= China's foreign aid@etheory and practice@f任晓, 刘慧华著@zeng |
| 210 | @a上海@c格致出版社@c上海人民出版社@d2017 | |
| 215 | @a278页@d23cm | |
| 314 | @a任晓, 复旦大学教授、中国外交研究中心主任。主要研究领域为国际政治理论、东亚国际关系、中国外交。刘慧华, 哈佛大学费正清中国研究中心附属研究学者。主要研究领域包括国际关系、国际政治经济学、相互依存理论、新安全观、全球化和对外援助理论等。 | |
| 320 | @a有书目 (第275-278页) | |
| 330 | @a本书开篇从对外援助的国际政治背景、基本概念和动因、条件和效果等理论层面入手, 阐述了对外援助的必要性。全书聚焦中国的对外援助政策及演变, 全面地记述和分析了中国从20世纪50年代至今的对外援助政策和实践, 着重讲述了21世纪以来中国的对外援助, 结合数据、事实和最新的政策动向, 阐明了中国对外援助所产生的影响; 同时展望未来, 提出中国应走出一条自己的对外援助之路, 要有从发展到共生的对外援助理念。 | |
| 510 | 1 | @aChina's foreign aid@etheory and practice@zeng |
| 517 | 1 | @a理论与实践@Ali lun yu shi jian |
| 606 | 0 | @a对外援助@x研究@y中国 |
| 690 | @aD822.2@v5 | |
| 690 | @aD822@v4 | |
| 701 | 0 | @a任晓@Aren xiao@4著 |
| 701 | 0 | @a刘慧华@Aliu hui hua@4著 |
| 801 | 0 | @aCN@b湖北三新@c20171103 |
| 905 | @aZUCC@dD822@e23 | |
| 中国对外援助:理论与实践= China's foreign aid:theory and practice/任晓, 刘慧华著.-上海:格致出版社:上海人民出版社,2017 |
| 278页;23cm |
| ISBN 978-7-5432-2780-4:CNY55.00 |
| 本书开篇从对外援助的国际政治背景、基本概念和动因、条件和效果等理论层面入手, 阐述了对外援助的必要性。全书聚焦中国的对外援助政策及演变, 全面地记述和分析了中国从20世纪50年代至今的对外援助政策和实践, 着重讲述了21世纪以来中国的对外援助, 结合数据、事实和最新的政策动向, 阐明了中国对外援助所产生的影响; 同时展望未来, 提出中国应走出一条自己的对外援助之路, 要有从发展到共生的对外援助理念。 |
| ● |
| 相关链接 |
|
|
|
正题名:中国对外援助
索取号:D822/23
 
预约/预借
| 序号 | 登录号 | 条形码 | 馆藏地/架位号 | 状态 | 备注 |
| 1 | 2001456649 | 2001456649 | 218书库/ [索取号:D822/23] | 在馆 | |
| 2 | 2001456650 | 2001456650 | 315书库/ [索取号:D822/23] | 在馆 | |
| 3 | 2001456651 | 2001456651 | 315书库/ [索取号:D822/23] | 在馆 | |
| 4 | 2001456652 | 2001456652 | 315书库/ [索取号:D822/23] | 在馆 | |
| 5 | 2001456653 | 2001456653 | 218书库/ [索取号:D822/23] | 在馆 | |
| 6 | 2001456654 | 2001456654 | 315书库/ [索取号:D822/23] | 在馆 | |
| 7 | 2001456655 | 2001456655 | 315书库/ [索取号:D822/23] | 在馆 | |
| 8 | 2001456656 | 2001456656 | 315书库/ [索取号:D822/23] | 在馆 |